00472nam a2200121 a 450000100100000000500170001000800410002704000250006811101120009324500570020526000610026230000270032300002662220200930030323.0110324s2012 dr a 000 spa d aDO-SdBNPbspacBNPHU 2aConferencia Internacional de las Américasn(26 al 30 de octubred2011cPunta Cana, República Dominicana 0aConferencia internacional de las américas - 2011-. aPunta Cana, República Dominicana :bFUNGLODE,c[2012]. a71 p. :bil. ;c29 cm.